Indicadores de seguimiento y evaluación de la política nacional de biodiversidad en la zona cafetera occidental: (Registro nro. 3896)

Detalles MARC
000 -CABECERA
Campo de control 01439nam a2200397 a 4500
005 - FECHA Y HORA DE LA ULTIMA TRANSACCION
Campo de control 20171202113346.0
008 - ELEMENTOS DE LONGITUD FIJA—INFORMACION GENERAL
Campo de control 140122b2004 ck ||||| |||| 00| 0 spa d
040 ## - FUENTE DE CATALOGACIÓN
Agencia catalogadora original CO-BoIAVH
Agencia transcriptora CO-BoIAVH
041 ## - IDIOMA
Código de idioma para texto/pista de sonido o título separado Español
044 ## - PAÍS DE PUBLICACIÓN
País de publicación Colombia
090 ## - CLASIFICACIÓN LOCAL
Colección IAVH
Consecutivo 00229
100 ## - ASIENTO PRINCIPAL--NOMBRE PERSONAL
Nombre personal Rincón, Alexander
9 (RLIN) 4643
245 ## - MENCION DE TITULO
Título Indicadores de seguimiento y evaluación de la política nacional de biodiversidad en la zona cafetera occidental:
Parte restante del título avances metodológicos y resultados
260 ## - PUBLICACION, DISTRIBUCION, ETC. (PIE DE IMPRENTA)
Lugar de publicación, distribución, etc. Bogotá:
Nombre del editor, distribuidor, etc. Instituto de Investigación de Recursos Biológicos Alexander von Humboldt,
Fecha de publicación, distribución, etc. 2004.
300 ## - DESCRIPCION FISICA
Extensión 85 p.
490 ## - MENCION DE SERIE
Mención de serie Indicadores de Seguimiento y Evaluación de la Política de Biodiversidad
Designación numérica/secuencial del volumen 3
650 ## - ASIENTO SECUNDARIO DE MATERIA - TERMINO TEMATICO
Término temático o nombre geográfico como elemento de entrada Región cafetera
9 (RLIN) 4644
650 ## - ASIENTO SECUNDARIO DE MATERIA - TERMINO TEMATICO
Término temático o nombre geográfico como elemento de entrada Indicadores de seguimiento
9 (RLIN) 4645
650 ## - ASIENTO SECUNDARIO DE MATERIA - TERMINO TEMATICO
Término temático o nombre geográfico como elemento de entrada Indicadores de presión
9 (RLIN) 4602
650 ## - ASIENTO SECUNDARIO DE MATERIA - TERMINO TEMATICO
Término temático o nombre geográfico como elemento de entrada Indicadores de estado de la biodiversidad
9 (RLIN) 4646
650 ## - ASIENTO SECUNDARIO DE MATERIA - TERMINO TEMATICO
Término temático o nombre geográfico como elemento de entrada Aspectos socioeconómicos
9 (RLIN) 87573
650 ## - ASIENTO SECUNDARIO DE MATERIA - TERMINO TEMATICO
Término temático o nombre geográfico como elemento de entrada Indicadores de respuesta
9 (RLIN) 4647
650 ## - ASIENTO SECUNDARIO DE MATERIA - TERMINO TEMATICO
Término temático o nombre geográfico como elemento de entrada Indicadores de evaluación
9 (RLIN) 4648
662 ## - ASIENTO SECUNDARIO DE MATERIA - JERARQUIA DEL NOMBRE DE LUGAR(
País o entidad mayor Colombia
Jurisdicción política intermedia Región Andina
662 ## - ASIENTO SECUNDARIO DE MATERIA - JERARQUIA DEL NOMBRE DE LUGAR(
País o entidad mayor Colombia
Jurisdicción política de primer orden Caldas
662 ## - ASIENTO SECUNDARIO DE MATERIA - JERARQUIA DEL NOMBRE DE LUGAR(
País o entidad mayor Colombia
Jurisdicción política de primer orden Risaralda
662 ## - ASIENTO SECUNDARIO DE MATERIA - JERARQUIA DEL NOMBRE DE LUGAR(
País o entidad mayor Colombia
Jurisdicción política de primer orden Quindío
662 ## - ASIENTO SECUNDARIO DE MATERIA - JERARQUIA DEL NOMBRE DE LUGAR(
País o entidad mayor Colombia
Jurisdicción política de primer orden Antioquia
662 ## - ASIENTO SECUNDARIO DE MATERIA - JERARQUIA DEL NOMBRE DE LUGAR(
País o entidad mayor Colombia
Jurisdicción política de primer orden Valle
700 1# - ASIENTO SECUNDARIO - NOMBRE PERSONAL
Nombre personal Armenteras, Dolors
9 (RLIN) 2694
700 1# - ASIENTO SECUNDARIO - NOMBRE PERSONAL
Nombre personal Ortíz, Néstor
9 (RLIN) 4649
700 1# - ASIENTO SECUNDARIO - NOMBRE PERSONAL
Nombre personal Ramírez, Diana
9 (RLIN) 1344
700 ## - ASIENTO SECUNDARIO - NOMBRE PERSONAL
Nombre personal Cabrera, Ederson
9 (RLIN) 4650
942 ## - ELEMENTOS ADICIONALES (KOHA)
Tipo de ítem Libro
Sistema de clasificación Dewey Decimal Classification
945 ## - PROCESAMIENTO LOCAL
AAAA-MM-DD - Fecha de ingreso o modificacion 2004-06-03
Existencias
Withdrawn status Lost status Sistema de Clasificación Damaged status No para préstamo Colección Inventariado Ubicación Permanente Ubicación actual Fecha de adquisición Fuente de Valor Valor Total Checkouts Número topográfico Inventario / Código de Barras Date last seen Ejemplar Price effective from Forma de adquisición Tipo de material
    Dewey Decimal Classification     Humboldt   Bogotá Bogotá 03/06/2004       IAVH-346.046c I11s 015966 04/12/2012 Ej. 1 04/12/2012 Institucional Libro
    Dewey Decimal Classification     Humboldt   Bogotá Bogotá 03/06/2004       IAVH-346.046c I11s 015967 04/12/2012 Ej. 2 04/12/2012 Institucional Libro
    Dewey Decimal Classification     Humboldt   Bogotá Bogotá 03/06/2004       IAVH-346.046c I11s 015968 04/12/2012 Ej. 3 04/12/2012 Institucional Libro
    Dewey Decimal Classification     Humboldt Inventariado 2017 Sala Fabio Quevedo Sala Fabio Quevedo 18/07/2014 Instituto 30000.00   IAVH-333.7 R57i 015964 04/12/2012 Ej. 4 04/12/2012 Institucional Libro
    Dewey Decimal Classification     Humboldt Inventariado 2017 Sala Fabio Quevedo Sala Fabio Quevedo 18/07/2014 Instituto 30000.00   IAVH-333.7 R57i 015965 04/12/2012 Ej .5 04/12/2012 Institucional Libro
    Local     Humboldt Inventariado 2017 Villa de Leyva Villa de Leyva 03/06/2004 Instituto 30000.00   IAVH-00229 015963 04/12/2012 Ej. 1 04/12/2012 Institucional Libro